3 Biggest Cities in each Region of Costa Rica - Statistics

General Stats
  • This quiz has been taken 6 times
  • The average score is 7 of 21
Answer Stats
Region + Rank Population City % Correct
San José 2,205,560 San José
100%
Alajuela 1 335,120 Alajuela
67%
Heredia 1 135,415 Heredia
67%
Limón 1 121,466 Limón
67%
Cartago 1 173,540 Cartago
50%
Puntarenas 1 105,051 Puntarenas
50%
San José 206,102 Desamparados
33%
Limón 2 54,808 Guápiles
33%
Guanacaste 1 59,931 Liberia
33%
Heredia 2 45,755 San Rafael
33%
Heredia 3 43,110 Barva
17%
Puntarenas 3 25,134 Chacarita
17%
Puntarenas 2 33,056 Esparza
17%
San José 137,790 Guadalupe
17%
Cartago 2 103,911 La Unión
17%
Guanacaste 2 34,802 Nicoya
17%
Alajuela 3 50,332 Quesada
17%
Alajuela 2 62,796 San Ramón
17%
Guanacaste 3 28,006 Santa Cruz
17%
Limón 3 38,073 Siquirres
17%
Cartago 3 32,276 Turrialba
17%
No matching quizzes found
Score Distribution
Percent of People with Each Score
Percentile by Number Answered
Your Score History
You have not taken this quiz